Statistics for Countries with the Best Passports

Click here to take the quiz!

General Stats

  • This quiz has been taken 20,721 times
    (18,644 since last reset)
  • The average score is 18 of 22

Answer Stats

# Country % Correct
170United States
98%
171Germany
94%
169France
94%
171Spain
92%
169Sweden
91%
169Norway
90%
170Italy
90%
171Finland
87%
170Switzerland
87%
170Japan
86%
170Portugal
85%
170Denmark
85%
170Netherlands
84%
169Belgium
83%
170Austria
82%
170Ireland
80%
171Luxembourg
75%
169Greece
71%
170South Korea
70%
169Singapore
61%
178United Arab Emirates
47%
169Malta
46%

Score Distribution

Percentile by Number Answered

Percent of People with Each Score

Your Score History

You have not taken this quiz since the last reset